| 000 | 01172nam a22003017a 4500 | ||
|---|---|---|---|
| 001 | 9988 | ||
| 003 | FISKH | ||
| 005 | 20260324122503.0 | ||
| 008 | 260324b cb ||||| |||| 00| 0 eng d | ||
| 020 | _a9780399225031 | ||
| 040 |
_aFISKH _beng _cFISKH _dFISKH |
||
| 050 | _aPZ7 .U25 .B | ||
| 082 | _a808.068 | ||
| 100 | _aUchida , Yoshiko | ||
| 245 |
_aThe bracelet / _cstory by Yoshiko Uchida : illustrated by Joanna Yardley |
||
| 260 |
_aNew York : _bPhilomel Books , _c1976 . |
||
| 300 |
_a32 unnumbered pages : _bcolor illustrations ; _c26 cm . |
||
| 505 | _aN | ||
| 520 | _aEmi, a Japanese American in the second grade, is sent with her family to an internment camp during World War II, but the loss of the bracelet her best friend has given her proves that she does not need a physical reminder of that friendship. | ||
| 521 | 8 |
_a590
_bLexile AD |
|
| 521 | 8 |
_aN
_bRaz-Plus |
|
| 650 |
_aJapanese Americans- Evacuation and relocation , 1942-1945 _vFiction |
||
| 650 |
_aWorld War 1939-1945- United States _vFiction |
||
| 650 |
_aFriendship _vFiction |
||
| 700 |
_aYardley , Joanna _eIllustrator |
||
| 942 |
_2ddc _cBK _n0 |
||
| 999 |
_c9988 _d9988 |
||